000 00870nam a2200205 i 4500
001 150938
003 ES-MaACL
005 20251004063157.0
007 t|
008 071121s1878 fr ||||1| fre d
100 0 _aDu Chatelet, Gabrielle-Emilie,
_cMarquise
_945703
245 1 0 _aLettres de la Mse du Châtelet
_b: réunies pour la première fois, revues sur les autographes et les éditions originales augmentées de 37 lettres entièrement inédites, de nombreuses notes, d'un index, et précédées d'une notice bigraphique /
_cpar Eugène Asse.
260 _aParis :
_bG. Charpentier,
_c[1878]
300 _a[4], XLIV, 495 p. ;
_c19 cm.
490 1 _aLettres du XVIIe et du XVIIIe siècle
700 1 _aAsse, Eugène.
_923650
830 0 _aLettres du XVIIe et du XVIIIe siècle
_9221181
852 _aES-MaACL
_jF-5847
999 _c150938
_d150938